00541nam a2200121 a 450000100100000000500170001000800410002704000250006811000480009324501740014126000620031530000420037700003332620200930070159.0110824s1908 000 spa d aDO-SdBNPbspacBNPHU1 aRepública DominicanabHacienda y Comercio10aMemoria con sus correspondientes anexos que al ciudadano presidente de la república presenta el ciudadano secretario de estado en los despachos de hacienda y comercio. aSanto Domingo :bLa Cuna de América vda. Roques,c1908. a1v. Con varias paginaciones ;c30 cm.